Normal view MARC view
  • Stephen T. Thornton

Entry Personal Name

Number of records used in: 3

001 - CONTROL NUMBER

  • control field: 10453

003 - CONTROL NUMBER IDENTIFIER

  • control field: NUST

005 - DATE AND TIME OF LATEST TRANSACTION

  • control field: 20180523045713.0

008 - FIXED-LENGTH DATA ELEMENTS

  • fixed length control field: 180523|| aca||aabn | a|a d

040 ## - CATALOGING SOURCE

  • Original cataloging agency: NUST
  • Transcribing agency: NUST

100 ## - HEADING--PERSONAL NAME

  • Personal name: Stephen T. Thornton

670 ## - SOURCE DATA FOUND

  • Source citation: Work cat.: (NUST): Stephen T. Thornton, Classical Dynamics of Particles and Systems , 2004
© 2023 Central Library, National University of Sciences and Technology. All Rights Reserved.